[Event "America-Europe"]
[Site "Mar del Plata ARG"]
[Date "1981.02.??"]
[Round "1"]
[White "Browne, Walter Shawn"]
[Black "Ljubojevic, Ljubomir"]
[Result "0-1"]
[WhiteElo "2555"]
[BlackElo "2605"]
[EventDate "1981.02.??"]
[PlyCount "102"]

1.d4 Nf6 2.c4 e6 3.Nc3 Bb4 4.Qc2 O-O 5.a3 Bxc3+ 6.Qxc3 b6 7.Nf3 Bb7 8.b4 
d6 9.e3 Nbd7 10.Bb2 c5 11.Be2 Rc8 12.dxc5 bxc5 13.b5 e5 14.O-O Ne4 15.Qd3 
f5 16.Rad1 Ndf6 17.Nd2 Nxd2 18.Qxd2 Ne4 19.Qd3 Qg5 20.f4 exf4 21.exf4 Qh4 
22.g3 Qh3 23.Bf3 Rce8 24.Bg2 Qxg2+ 25.Kxg2 Ng5+ 26.Qd5+ Bxd5+ 27.Rxd5 Nf7 
28.Kf2 Re4 29.Rc1 Rfe8 30.Rc2 g6 31.a4 Kf8 32.Rd3 h5 33.Kf3 R8e6 34.a5 Ke7
35.Bc1 Kd7 36.Be3 Kc7 37.Rb3 Re8 38.h3 Rb8 39.g4 hxg4+ 40.hxg4 Rh8 41.Rg2 
Rh3+ 42.Rg3 Rxg3+ 43.Kxg3 Rxc4 44.gxf5 gxf5 45.Rb1 Rc3 46.Kf2 Nh6 47.Ke2 
Ng4 48.Bd2 Rh3 49.Rg1 d5 50.Be1 d4 51.Rg3 Rh2+ 0-1

[Event "America-Europe"]
[Site "Mar del Plata ARG"]
[Date "1981.02.??"]
[Round "1"]
[White "Christiansen, Larry"]
[Black "Andersson, Ulf"]
[Result "1/2-1/2"]
[WhiteElo "2515"]
[BlackElo "2610"]
[EventDate "1981.02.??"]
[PlyCount "58"]

1.e4 c5 2.Nc3 d6 3.g3 Nc6 4.Bg2 g6 5.d3 Bg7 6.f4 e6 7.Nf3 Nge7 8.O-O O-O 
9.Be3 Nd4 10.Rb1 Bd7 11.Ne2 Nxf3+ 12.Bxf3 Qc7 13.Qd2 Rad8 14.c4 b6 15.g4 
f5 16.gxf5 exf5 17.Nc3 Rde8 18.Rbe1 Qb8 19.Re2 Nc6 20.Kh1 Nd4 21.Bxd4 Bxd4
22.Nd5 Kh8 23.Rfe1 fxe4 24.Rxe4 Bc6 25.Re7 Qd8 26.Rxa7 Rxe1+ 27.Qxe1 Bxb2 
28.Qe6 Bg7 29.Kg2 Bxd5 1/2-1/2

[Event "America-Europe"]
[Site "Mar del Plata ARG"]
[Date "1981.02.??"]
[Round "1"]
[White "Portisch, Lajos"]
[Black "Quinteros, Miguel Angel"]
[Result "0-1"]
[WhiteElo "2650"]
[BlackElo "2505"]
[EventDate "1981.02.??"]
[PlyCount "82"]

1.Nf3 c5 2.c4 Nf6 3.Nc3 b6 4.e4 Bb7 5.e5 Ng8 6.d4 Bxf3 7.Qxf3 Nc6 8.dxc5 
bxc5 9.Qe4 g6 10.Bd3 Bg7 11.f4 f5 12.Qe3 d6 13.Bc2 Nd4 14.Ba4+ Kf8 15.O-O 
Nh6 16.exd6 Qxd6 17.h3 Rb8 18.Kh1 Nf7 19.Rb1 e6 20.b3 Bf6 21.Ba3 Nc2 22.
Qxc5 Nxa3 23.Qxd6+ Nxd6 24.Rbd1 Ke7 25.c5 Ndb5 26.Nxb5 Nxb5 27.Rfe1 Nd4 
28.Rc1 Rhc8 29.c6 Rc7 30.Rc4 a5 31.Rc5 Ra8 32.Rd1 Ra6 33.Rc4 Rb6 34.Rd3 
Rb8 35.a3 Ra8 36.Rcxd4 Bxd4 37.Rxd4 Rd8 38.Rxd8 Kxd8 39.b4 Re7 40.bxa5 e5 
41.fxe5 Rxe5 0-1

[Event "America-Europe"]
[Site "Mar del Plata ARG"]
[Date "1981.02.??"]
[Round "3"]
[White "Christiansen, Larry"]
[Black "Ljubojevic, Ljubomir"]
[Result "1/2-1/2"]
[WhiteElo "2515"]
[BlackElo "2605"]
[EventDate "1981.02.??"]
[PlyCount "89"]

1.c4 e5 2.Nc3 Nc6 3.d3 d6 4.g3 g6 5.Bg2 Bg7 6.Rb1 Nf6 7.e4 Bg4 8.Nge2 Nd4 
9.h3 Bf3 10.Bxf3 Nxf3+ 11.Kf1 Nd7 12.Kg2 Nd4 13.Nxd4 exd4 14.Ne2 O-O 15.
Nf4 a5 16.b3 Nc5 17.Ba3 b6 18.h4 h5 19.Bxc5 bxc5 20.g4 Be5 21.Qf3 Qf6 22.
Nd5 Qxf3+ 23.Kxf3 c6 24.Nb6 Ra7 25.Rbg1 hxg4+ 26.Rxg4 f5 27.exf5 Rb7 28.
Rxg6+ Kh7 29.Rg5 Rxb6 30.Rhg1 Rf6 31.Rg7+ Kh6 32.Ke4 Bh2 33.R1g6+ Rxg6 34.
Rxg6+ Kh5 35.f4 Rb8 36.Rxd6 Rg8 37.Rxc6 Rg4 38.Rxc5 Rxf4+ 39.Kd5 Kg4 40.
Rc8 Kf3 41.Re8 Rxf5+ 42.Kxd4 Bd6 43.Re3+ Kf4 44.Re4+ Kf3 45.Re3+ 1/2-1/2

[Event "America-Europe"]
[Site "Mar del Plata ARG"]
[Date "1981.02.??"]
[Round "3"]
[White "Larsen, Bent"]
[Black "Quinteros, Miguel Angel"]
[Result "1-0"]
[WhiteElo "2610"]
[BlackElo "2505"]
[EventDate "1981.02.??"]
[PlyCount "113"]

1.d4 Nf6 2.c4 c5 3.d5 g6 4.Nc3 Bg7 5.e4 d6 6.Nf3 O-O 7.Be2 e5 8.Bg5 h6 9.
Bd2 Nh5 10.g3 Nd7 11.Qc2 Ndf6 12.h3 Bd7 13.a4 Qe7 14.Nh4 Kh7 15.Ng2 Rfe8 
16.a5 Bf8 17.Qc1 Qd8 18.Kf1 Qc8 19.g4 Nf4 20.Nxf4 exf4 21.Qc2 Re5 22.Bxf4 
Qe8 23.Bd3 g5 24.Bd2 Ng8 25.f3 Kg7 26.Ne2 Ne7 27.h4 Ng6 28.h5 Ne7 29.Kf2 
Kh8 30.b4 Bg7 31.Rab1 Qc8 32.Qb3 Rb8 33.Qa3 Qc7 34.Rb3 Nc8 35.Bc3 Re8 36.
Bxg7+ Kxg7 37.Rhb1 b6 38.Ng3 Qd8 39.Qb2+ Qf6 40.Qxf6+ Kxf6 41.Ke3 Rb7 42.
Nf1 Rc7 43.Nd2 Kg7 44.Be2 f5 45.gxf5 Bxf5 46.bxc5 dxc5 47.axb6 axb6 48.Kf2
Bd7 49.Ra3 Kf6 50.Ra8 Ke5 51.Ke3 Rb7 52.Rf1 Rf8 53.Nb3 Kd6 54.f4 gxf4+ 55.
Rxf4 Rg8 56.Nd2 Rg3+ 57.Rf3 1-0

[Event "America-Europe"]
[Site "Mar del Plata ARG"]
[Date "1981.02.??"]
[Round "4"]
[White "Portisch, Lajos"]
[Black "Browne, Walter Shawn"]
[Result "1/2-1/2"]
[WhiteElo "2650"]
[BlackElo "2555"]
[EventDate "1981.02.??"]
[PlyCount "155"]

1.d4 Nf6 2.c4 e6 3.Nf3 b6 4.e3 Bb7 5.Bd3 Be7 6.O-O O-O 7.b3 c5 8.Bb2 cxd4 
9.exd4 d5 10.Qe2 Nc6 11.Nbd2 Rc8 12.Rac1 Re8 13.Rfd1 Bf8 14.Nf1 g6 15.Ne3 
Bg7 16.Bb1 Qe7 17.a3 Na5 18.Ba2 Ba6 19.Qe1 Nc6 20.Rc2 Rc7 21.Qd2 Rec8 22.
Qc1 Qd8 23.c5 Bb5 24.Qa1 Ne4 25.Nd2 Be2 26.Rdc1 Bd3 27.b4 Bxc2 28.Rxc2 
Nxd2 29.Rxd2 b5 30.Bc3 Ra8 31.Qb1 Rb7 32.Bb3 a5 33.Bd1 axb4 34.axb4 Rba7 
35.g3 Ra3 36.Qc1 Qf6 37.Ng4 Qf5 38.Kg2 h5 39.Ne3 Qe4+ 40.Bf3 Rxc3 41.Qxc3 
Bxd4 42.Qb3 Qe5 43.Nxd5 exd5 44.Qxd5 Ra1 45.Qxe5 Nxe5 46.Bd5 Bc3 47.Rc2 
Bxb4 48.c6 Bd6 49.c7 Bxc7 50.Rxc7 Rd1 51.Rc5 b4 52.Bb3 Rb1 53.Ba2 Rb2 54.
Rxe5 Rxa2 55.Rb5 Rb2 56.h4 Kg7 57.Rb6 b3 58.Kf3 Kf8 59.Rb7 Kg7 60.Rb6 Kf8 
61.Rb7 Ke8 62.Ke3 f6 63.Rg7 Rc2 64.Rxg6 b2 65.Rg8+ Kd7 66.Rb8 Kc7 67.Rb4 
Kc6 68.f3 Kc5 69.Rb8 Kc4 70.Kf4 Kc3 71.g4 hxg4 72.fxg4 Rc1 73.Kf5 b1=Q+ 
74.Rxb1 Rxb1 75.Kxf6 Kd4 76.h5 Rb6+ 77.Kg7 Ke5 78.h6 1/2-1/2

[Event "America-Europe"]
[Site "Mar del Plata ARG"]
[Date "1981.02.??"]
[Round "4"]
[White "Quinteros, Miguel Angel"]
[Black "Ljubojevic, Ljubomir"]
[Result "1/2-1/2"]
[WhiteElo "2505"]
[BlackElo "2605"]
[EventDate "1981.02.??"]
[PlyCount "40"]

1.c4 e5 2.Nc3 Nc6 3.g3 g6 4.Bg2 Bg7 5.e3 Nf6 6.Nge2 O-O 7.d4 d6 8.O-O Re8 
9.d5 Na5 10.b3 a6 11.Qc2 Bd7 12.Bb2 b5 13.cxb5 axb5 14.a3 Qb8 15.Na2 Qb6 
16.Nb4 Rac8 17.Nc3 Bf5 18.Qd1 Bg4 19.Qc2 Bf5 20.Qd1 Bg4 1/2-1/2

[Event "America-Europe"]
[Site "Mar del Plata ARG"]
[Date "1981.02.??"]
[Round "5"]
[White "Quinteros, Miguel Angel"]
[Black "Portisch, Lajos"]
[Result "0-1"]
[WhiteElo "2505"]
[BlackElo "2650"]
[EventDate "1981.02.??"]
[PlyCount "92"]

1.c4 c5 2.Nc3 Nf6 3.g3 d5 4.cxd5 Nxd5 5.Bg2 Nc7 6.Qb3 Nc6 7.Bxc6+ bxc6 8.
Qa4 Qd7 9.Nf3 f6 10.d3 e5 11.O-O Ne6 12.Be3 Rb8 13.Rab1 Be7 14.Rfc1 O-O 
15.Ne4 Rb5 16.Qc4 Kh8 17.a4 Rb4 18.Qc2 c4 19.dxc4 c5 20.Rd1 Nd4 21.Bxd4 
exd4 22.b3 Qh3 23.Qd2 Bb7 24.Qd3 a5 25.Ned2 Rb6 26.Re1 Rd8 27.Nh4 g6 28.f3
Re6 29.Ng2 Bd6 30.Ne4 Bxe4 31.fxe4 Qg4 32.e3 Rxe4 33.exd4 Rxd4 34.Qe2 Qxe2
35.Rxe2 Be5 36.Ne3 Re4 37.Kf1 Rd3 38.Nc2 Rf3+ 39.Rf2 Rc3 40.Rd2 h5 41.Ne1 
h4 42.Rbd1 hxg3 43.hxg3 Rxg3 44.Rh2+ Kg8 45.Rd8+ Kf7 46.Nd3 Bd4 0-1

[Event "America-Europe"]
[Site "Mar del Plata ARG"]
[Date "1981.02.??"]
[Round "6"]
[White "Larsen, Bent"]
[Black "Browne, Walter Shawn"]
[Result "0-1"]
[WhiteElo "2610"]
[BlackElo "2555"]
[EventDate "1981.02.??"]
[PlyCount "86"]

1.d4 Nf6 2.Nf3 e6 3.Bf4 b6 4.e3 Bb7 5.Bd3 Be7 6.O-O Nh5 7.Nbd2 O-O 8.a4 a5
9.h3 Nxf4 10.exf4 c5 11.c3 Nc6 12.dxc5 bxc5 13.f5 exf5 14.Bxf5 d5 15.Re1 
Bf6 16.Qc2 g6 17.Bd3 Rb8 18.Rad1 Qc7 19.Nf1 Nd8 20.Ne3 Ne6 21.Bf1 Rfd8 22.
Ng4 Bg7 23.Nge5 c4 24.b3 cxb3 25.Qxb3 Nc5 26.Qa3 Ne4 27.Ng4 h6 28.Ne3 Nxc3
29.Rd3 Rbc8 30.Nd4 Ba6 31.Rd2 Bxf1 32.Nxf1 Qb6 33.Nf3 Nb1 34.Qe7 Nxd2 35.
N1xd2 Bf6 36.Qe2 Re8 37.Qxe8+ Rxe8 38.Rxe8+ Kg7 39.Nf1 Qc6 40.Re1 Qxa4 41.
Ne3 Bc3 42.Rb1 d4 43.Nd5 Qa2 0-1

[Event "America-Europe"]
[Site "Mar del Plata ARG"]
[Date "1981.02.??"]
[Round "7"]
[White "Ljubojevic, Ljubomir"]
[Black "Christiansen, Larry"]
[Result "1/2-1/2"]
[WhiteElo "2605"]
[BlackElo "2515"]
[EventDate "1981.02.??"]
[PlyCount "65"]

1.e4 e5 2.Nf3 Nf6 3.Nxe5 d6 4.Nf3 Nxe4 5.d4 d5 6.Bd3 Be7 7.O-O Bf5 8.Re1 
Nc6 9.Nbd2 Nxd2 10.Qxd2 Bxd3 11.Qxd3 O-O 12.Bf4 Qd7 13.Re2 a6 14.Rae1 Rae8
15.c3 Bd8 16.Rxe8 Rxe8 17.Rxe8+ Qxe8 18.Qf5 Ne7 19.Qg4 Ng6 20.Bg5 Bxg5 21.
Qxg5 c6 22.h4 h6 23.Qg3 Qd8 24.h5 Nf8 25.Qe5 Ne6 26.Qf5 Qe8 27.Ne5 b6 28.
Qd3 b5 29.b4 Ng5 30.f3 Qe6 31.Kf2 Qf6 32.g3 Ne4+ 33.Kg2 1/2-1/2

[Event "America-Europe"]
[Site "Mar del Plata ARG"]
[Date "1981.02.??"]
[Round "8"]
[White "Browne, Walter Shawn"]
[Black "Portisch, Lajos"]
[Result "1/2-1/2"]
[WhiteElo "2555"]
[BlackElo "2650"]
[EventDate "1981.02.??"]
[PlyCount "54"]

1.d4 Nf6 2.c4 e6 3.Nf3 b6 4.Nc3 Bb7 5.a3 d5 6.cxd5 Nxd5 7.e3 Be7 8.Bb5+ c6
9.Bd3 O-O 10.e4 Nxc3 11.bxc3 c5 12.Qe2 cxd4 13.cxd4 Qc8 14.Bb2 Ba6 15.O-O 
Bxd3 16.Qxd3 Nd7 17.Rfe1 Rd8 18.d5 Nc5 19.Qc4 Qb7 20.Rad1 Rac8 21.Ba1 Nd7 
22.Qa2 exd5 23.exd5 Nf6 24.Bxf6 Bxf6 25.Ne5 Bxe5 26.Rxe5 Qc7 27.Qe2 Qc2 
1/2-1/2